| 000 | 00678nam a2200169Ia 4500 | ||
|---|---|---|---|
| 008 | 090711s9999 xx 000 0 und d | ||
| 082 | _b561 | ||
| 100 | _aकुलकर्णी नारायण वि. | ||
| 245 | _aसं. पार्थ प्रतिज्ञा | ||
| 260 |
_b"श्रीलक्ष्मीनारायण छापखाना," _c1917 |
||
| 300 | _a100 | ||
| 600 | _aकुलकर्णी नारायण वि. | ||
| 630 | _aसं. पार्थ प्रतिज्ञा | ||
| 700 | _aकुलकर्णी नारायण वि. | ||
| 730 | _aसं. पार्थ प्रतिज्ञा | ||
| 942 | _cBOOK | ||
| 999 |
_c301126 _d301126 |
||